000 00485nam a2200133 a 4500
008 120416s1994 ||||||||||||||||| || u
050 _aCOMM(02)
245 1 0 _aChanging role of the state in education
246 _apolitics and partnership
260 _aPakistan
_bCommonwealth Institute
_c1994
300 _ain various pagings
350 _a0.00
995 _D0.00
_FCBU-MAIN LIBRARY (Kitwe)
_H1
_I0.00
_UAVAILABLE
_ZInternational Publications
999 _c37089
_d37089